000 00626cam a2200145 4500500
005 20260426010550.0
041 _afre
042 _adc
100 1 0 _aMuller, Marc
_eauthor
245 0 0 _aDaniel Boyarin, Mourir pour Dieu. L’invention du martyre aux origines du judaïsme et du christianisme, Paris, Bayard, 2004. 242p. 24 cm. ISBN 2-227-47116-6. € 30
260 _c2005.
500 _a14
786 0 _nÉtudes théologiques et religieuses | 80 | 3 | 2005-09-01 | p. 431o-446o | 0014-2239
856 4 1 _uhttps://shs.cairn.info/revue-etudes-theologiques-et-religieuses-2005-3-page-431o?lang=fr&redirect-ssocas=7080
999 _c2222527
_d2222527